| 000 | 01479cam a22003614a 4500 | ||
|---|---|---|---|
| 001 | 15195721 | ||
| 005 | 20090831113124.0 | ||
| 008 | 080222s2009 maua b 001 0 eng | ||
| 010 | _a 2008008446 | ||
| 020 | _a0763756490 (pbk. : alk. paper) | ||
| 020 | _a9780763756499 (pbk. : alk. paper) | ||
| 035 | _a(DNLM)101466820 | ||
| 040 |
_aDNLM/DLC _cDLC _dDLC |
||
| 050 | 0 | 0 |
_aBF713 _b.T47 2009 |
| 082 | 0 | 0 |
_a305.2 _222 _bTHI |
| 100 | 1 |
_aThies, Kathleen M. _923556 |
|
| 245 | 1 | 0 |
_aGrowth and Development through the Lifespan / _cKathleen M. Thies, John F. Travers. |
| 250 | _a2nd ed. | ||
| 260 |
_aSudbury, MA : _bJones and Bartlett Publishers, 2009 _c2009. |
||
| 300 |
_axiv, 401 p. : _bill. ; _c23 cm. |
||
| 490 |
_923555 _aQuick Look Nursing |
||
| 504 | _aIncludes bibliographical references and index. | ||
| 650 | 0 |
_aDevelopmental psychology. _923557 |
|
| 650 | 0 |
_aNursing. _923558 |
|
| 650 | 1 | 2 |
_aHuman Development _vNurses' Instruction. _923559 |
| 653 |
_bNUR _cApril2011 |
||
| 700 | 1 |
_aTravers, John F. _923560 |
|
| 700 | 1 |
_aThies, Kathleen M. _tHuman growth and development through the lifespan. _923561 |
|
| 856 | 4 | 1 |
_3Table of contents only _uhttp://www.loc.gov/catdir/toc/ecip0812/2008008446.html |
| 942 |
_2ddc _cNRB |
||
| 999 |
_c15234 _d15234 |
||